00507 a2200145 450000500170000002000180001708200160003510000180005124500620006925000130013126000350014430000530017970000320023285600970026420250403080405.0 a0-07-296149-x a808.042 EBE aEBEST, S. B.  aWriting From A to Z: The Easy-to-Use Reference Handbook.  a5th Ed.  aBoston,bMcGraw-Hill, c2005.  axiv, 580p., ill., table, figure.bIndex.c21cm.  aALRED, G. J. & OLIU, W. T.  yAccess Online Book fWriting From A to Z: The Easy-to-Use Reference Handbook.dwww.mlihe.com